[Event "Mistrovstvi Cech 2019 - FIDE"]
[Site "?"]
[Date "2019.10.27"]
[Round "2.3"]
[White "Hlavac, Rudolf"]
[Black "Hlavacek, Tomas"]
[Result "0-1"]
[BlackElo "2157"]
[WhiteElo "1957"]
[LiveChessVersion "1.4.8"]

1. e4 {[%clk 1:30:58]} e5 {[%clk 1:30:55]} 2. Nf3 {[%clk 1:31:22]} Nc6
{[%clk 1:31:21]} 3. Bb5 {[%clk 1:31:38]} a6 {[%clk 1:31:47]} 4. Ba4
{[%clk 1:31:59]} Nf6 {[%clk 1:32:12]} 5. d4 {[%clk 1:32:13]} exd4
{[%clk 1:31:51]} 6. O-O {[%clk 1:32:29]} Be7 {[%clk 1:31:19]} 7. Re1
{[%clk 1:32:46]} b5 {[%clk 1:30:20]} 8. e5 {[%clk 1:33:03]} Nxe5 {[%clk 1:29:57]}
9. Nxe5 {[%clk 1:33:21]} bxa4 {[%clk 1:30:23]} 10. Qxd4 {[%clk 1:33:40]} Rb8
{[%clk 1:29:46]} 11. Qxa4 {[%clk 1:33:23]} Rb4 {[%clk 1:27:01]} 12. Qa5
{[%clk 1:29:15]} O-O {[%clk 1:25:36]} 13. a3 {[%clk 1:28:30]} Rb6
{[%clk 1:23:24]} 14. Nd2 {[%clk 1:25:12]} Bb7 {[%clk 1:20:18]} 15. Ndc4
{[%clk 1:20:18]} Re6 {[%clk 1:16:02]} 16. Bg5 {[%clk 1:19:02]} h6
{[%clk 1:09:24]} 17. Bh4 {[%clk 1:15:41]} g5 {[%clk 0:58:27]} 18. Bg3
{[%clk 1:15:07]} Ne4 {[%clk 0:57:19]} 19. Rad1 {[%clk 1:13:16]} d6
{[%clk 0:52:59]} 20. f3 {[%clk 1:08:11]} Nxg3 {[%clk 0:50:38]} 21. hxg3
{[%clk 1:08:26]} Bf6 {[%clk 0:48:13]} 22. Ng4 {[%clk 1:01:37]} Rxe1+
{[%clk 0:46:09]} 23. Rxe1 {[%clk 1:00:31]} Bg7 {[%clk 0:46:34]} 24. c3
{[%clk 0:55:31]} d5 {[%clk 0:41:20]} 25. Nce5 {[%clk 0:51:10]} Qd6
{[%clk 0:38:35]} 26. Qb4 {[%clk 0:49:00]} Qxb4 {[%clk 0:35:40]} 27. axb4
{[%clk 0:45:59]} Re8 {[%clk 0:35:01]} 28. Nd3 {[%clk 0:45:12]} Rxe1+
{[%clk 0:33:51]} 29. Nxe1 {[%clk 0:45:40]} Kf8 {[%clk 0:33:27]} 30. Nd3
{[%clk 0:44:44]} Ke8 {[%clk 0:32:00]} 31. Ne3 {[%clk 0:42:21]} Bf8
{[%clk 0:29:39]} 32. Kf2 {[%clk 0:41:38]} h5 {[%clk 0:23:16]} 33. Nf5
{[%clk 0:39:50]} Bc8 {[%clk 0:22:03]} 34. Nd4 {[%clk 0:39:11]} f6
{[%clk 0:20:43]} 35. Nb3 {[%clk 0:36:41]} Kd7 {[%clk 0:19:43]} 36. Nbc5+
{[%clk 0:31:36]} Kc6 {[%clk 0:19:10]} 37. Nb3 {[%clk 0:19:40]} Kb5
{[%clk 0:17:36]} 38. Nd4+ {[%clk 0:16:53]} Kb6 {[%clk 0:17:40]} 39. Ke3
{[%clk 0:16:51]} a5 {[%clk 0:14:46]} 40. bxa5+ {[%clk 0:16:26]} Kxa5
{[%clk 0:15:11]} 41. Nc6+ {[%clk 0:13:03]} Kb6 {[%clk 0:15:10]} 42. Ncb4
{[%clk 0:12:09]} Bb7 {[%clk 0:14:53]} 43. Nc2 {[%clk 0:12:06]} Bc8
{[%clk 0:12:48]} 44. Nd4 {[%clk 0:11:40]} c5 {[%clk 0:12:43]} 45. Ne2
{[%clk 0:09:20]} Kb5 {[%clk 0:12:04]} 46. Nf2 {[%clk 0:08:53]} Kc4
{[%clk 0:11:54]} 47. Kd2 {[%clk 0:06:27]} Bd6 {[%clk 0:10:56]} 48. Nd3
{[%clk 0:05:37]} Bf5 {[%clk 0:10:07]} 49. Ndc1 {[%clk 0:05:10]} d4
{[%clk 0:08:53]} 50. b3+ {[%clk 0:04:41]} Kd5 {[%clk 0:08:39]} 51. c4+
{[%clk 0:04:33]} Kc6 {[%clk 0:08:17]} 52. Nd3 {[%clk 0:04:14]} Be6
{[%clk 0:07:24]} 53. Nf2 {[%clk 0:04:30]} f5 {[%clk 0:07:09]} 54. f4
{[%clk 0:03:36]} g4 {[%clk 0:05:26]} 55. Nd3 {[%clk 0:03:31]} Kb6
{[%clk 0:05:11]} 56. Nec1 {[%clk 0:03:38]} Bc8 {[%clk 0:05:13]} 57. Ne5
{[%clk 0:03:50]} Bb7 {[%clk 0:04:24]} 58. Nd7+ {[%clk 0:04:08]} Ka5
{[%clk 0:04:25]} 59. Nf6 {[%clk 0:04:18]} h4 {[%clk 0:04:00]} 60. Nd5
{[%clk 0:02:01]} h3 {[%clk 0:03:47]} 61. gxh3 {[%clk 0:02:01]} gxh3
{[%clk 0:04:15]} 62. Nd3 {[%clk 0:02:30]} h2 {[%clk 0:03:47]} 63. Nf2
{[%clk 0:02:47]} Bxd5 {[%clk 0:04:06]} 64. cxd5 {[%clk 0:03:15]} Kb4
{[%clk 0:04:24]} 65. Kc2 {[%clk 0:02:49]} c4 {[%clk 0:04:08]} 66. bxc4
{[%clk 0:03:17]} Kxc4 {[%clk 0:04:35]} 67. Kd2 {[%clk 0:03:25]} Bb4+
{[%clk 0:04:42]} 68. Ke2 {[%clk 0:02:58]} d3+ {[%clk 0:04:05]} 69. Kf1
{[%clk 0:03:01]} Bc5 {[%clk 0:03:58]} 70. Nh1 {[%clk 0:01:25]} Kxd5
{[%clk 0:04:11]} 0-1

[Event "Mistrovstvi Cech 2019 - FIDE"]
[Site "?"]
[Date "2019.10.27"]
[Round "2.4"]
[White "Nagy, Ladislav"]
[Black "Flajsman, Pavel"]
[Result "1/2-1/2"]
[BlackElo "1887"]
[WhiteElo "2140"]
[LiveChessVersion "1.4.8"]

1. Nf3 {[%clk 1:30:49]} c5 {[%clk 1:30:48]} 2. g3 {[%clk 1:30:42]} Nc6
{[%clk 1:31:02]} 3. c4 {[%clk 1:30:14]} g6 {[%clk 1:30:43]} 4. Bg2
{[%clk 1:30:13]} Bg7 {[%clk 1:31:08]} 5. Nc3 {[%clk 1:29:36]} e5 {[%clk 1:30:57]}
6. a3 {[%clk 1:27:42]} Nge7 {[%clk 1:30:21]} 7. O-O {[%clk 1:27:17]} d6
{[%clk 1:30:17]} 8. Ne1 {[%clk 1:24:14]} Be6 {[%clk 1:28:35]} 9. d3
{[%clk 1:22:53]} a5 {[%clk 1:22:58]} 10. Nc2 {[%clk 1:21:24]} O-O
{[%clk 1:10:40]} 11. Ne3 {[%clk 1:19:19]} Rb8 {[%clk 1:09:21]} 12. Ned5
{[%clk 1:15:28]} f5 {[%clk 0:48:47]} 13. Rb1 {[%clk 1:12:47]} h6 {[%clk 0:47:28]}
14. Bd2 {[%clk 1:09:58]} Bf7 {[%clk 0:45:42]} 15. b4 {[%clk 1:04:38]} axb4
{[%clk 0:43:27]} 16. axb4 {[%clk 1:04:29]} Nxb4 {[%clk 0:40:15]} 17. Nxb4
{[%clk 1:01:57]} cxb4 {[%clk 0:40:41]} 18. Nd5 {[%clk 0:51:05]} Nxd5
{[%clk 0:16:33]} 19. Bxd5 {[%clk 0:43:05]} b5 {[%clk 0:10:03]} 20. Bxb4
{[%clk 0:38:30]} Bxd5 {[%clk 0:10:27]} 21. cxd5 {[%clk 0:38:55]} Qd7
{[%clk 0:10:19]} 22. Rc1 {[%clk 0:35:24]} Rfc8 {[%clk 0:09:52]} 23. Qb3
{[%clk 0:33:49]} Kh7 {[%clk 0:10:11]} 24. Ra1 {[%clk 0:22:40]} Rb6
{[%clk 0:06:00]} 25. Rfc1 {[%clk 0:18:06]} Rxc1+ {[%clk 0:01:42]} 26. Rxc1
{[%clk 0:18:28]} Ra6 {[%clk 0:01:06]} 27. Kg2 {[%clk 0:16:10]} Bf6
{[%clk 0:01:20]} 28. Rc2 {[%clk 0:14:32]} Kg7 {[%clk 0:01:23]} 29. Ra2
{[%clk 0:11:42]} Rxa2 {[%clk 0:01:20]} 30. Qxa2 {[%clk 0:12:10]} Kf7
{[%clk 0:00:50]} 31. Qa6 {[%clk 0:11:17]} Ke7 {[%clk 0:00:40]} 32. Qa8
{[%clk 0:09:49]} Kf7 {[%clk 0:01:02]} 33. Qb8 {[%clk 0:08:58]} Be7
{[%clk 0:01:24]} 34. Qh8 {[%clk 0:07:44]} Bf8 {[%clk 0:01:44]} 35. h4
{[%clk 0:04:48]} 1/2-1/2

[Event "Mistrovstvi Cech 2019 - FIDE"]
[Site "?"]
[Date "2019.10.27"]
[Round "2.5"]
[White "Kopriva, Martin"]
[Black "Zizka, Petr"]
[Result "1/2-1/2"]
[BlackElo "2128"]
[WhiteElo "2039"]
[LiveChessVersion "1.4.8"]

1. c4 {[%clk 1:30:57]} Nf6 {[%clk 1:30:49]} 2. g3 {[%clk 1:31:13]} g6
{[%clk 1:31:05]} 3. Bg2 {[%clk 1:31:28]} Bg7 {[%clk 1:31:30]} 4. Nc3
{[%clk 1:31:38]} O-O {[%clk 1:31:44]} 5. e4 {[%clk 1:30:32]} d6 {[%clk 1:31:33]}
6. Nge2 {[%clk 1:29:41]} c5 {[%clk 1:27:31]} 7. O-O {[%clk 1:29:16]} Nc6
{[%clk 1:27:37]} 8. d3 {[%clk 1:29:00]} Rb8 {[%clk 1:24:39]} 9. h3
{[%clk 1:25:05]} Nd7 {[%clk 1:13:11]} 10. Be3 {[%clk 1:20:57]} a6
{[%clk 1:11:11]} 11. Qd2 {[%clk 1:16:25]} b5 {[%clk 1:08:23]} 12. cxb5
{[%clk 1:13:56]} axb5 {[%clk 1:08:21]} 13. Bh6 {[%clk 1:13:29]} Bxh6
{[%clk 0:59:53]} 14. Qxh6 {[%clk 1:13:43]} b4 {[%clk 0:57:48]} 15. Nd5
{[%clk 1:10:36]} e6 {[%clk 0:51:11]} 16. Ne3 {[%clk 1:08:43]} Nde5
{[%clk 0:50:04]} 17. f4 {[%clk 0:55:28]} Nxd3 {[%clk 0:48:46]} 18. f5
{[%clk 0:54:04]} Qf6 {[%clk 0:48:05]} 19. Ng4 {[%clk 0:46:08]} Qg7
{[%clk 0:45:50]} 20. Qd2 {[%clk 0:44:16]} gxf5 {[%clk 0:44:58]} 21. exf5
{[%clk 0:43:26]} Nce5 {[%clk 0:44:10]} 22. Nxe5 {[%clk 0:40:12]} Nxe5
{[%clk 0:43:46]} 23. f6 {[%clk 0:39:41]} Qg6 {[%clk 0:43:49]} 24. Qxd6
{[%clk 0:36:48]} Nd7 {[%clk 0:43:57]} 25. Rf4 {[%clk 0:30:51]} Rb6
{[%clk 0:43:15]} 26. Qc7 {[%clk 0:26:31]} Qd3 {[%clk 0:41:10]} 27. Rg4+
{[%clk 0:20:43]} Kh8 {[%clk 0:41:34]} 28. Qf4 {[%clk 0:18:49]} Qf5
{[%clk 0:38:20]} 29. Qe3 {[%clk 0:17:47]} Qxf6 {[%clk 0:36:08]} 30. Rf1
{[%clk 0:16:15]} Qe5 {[%clk 0:35:04]} 31. Qh6 {[%clk 0:13:29]} Ba6
{[%clk 0:32:41]} 32. Rd1 {[%clk 0:09:59]} Qf6 {[%clk 0:31:33]} 33. Qe3
{[%clk 0:05:31]} Bb5 {[%clk 0:20:25]} 34. Be4 {[%clk 0:02:37]} Ne5
{[%clk 0:10:32]} 35. Rh4 {[%clk 0:02:11]} Ng6 {[%clk 0:09:42]} 36. Rf1
{[%clk 0:01:17]} Qg7 {[%clk 0:09:43]} 37. Rh5 {[%clk 0:01:07]} f5
{[%clk 0:08:59]} 38. Bd3 {[%clk 0:01:05]} Bxd3 {[%clk 0:06:36]} 39. Qxd3
{[%clk 0:01:34]} Qxb2 {[%clk 0:03:41]} 40. g4 {[%clk 0:00:57]} Qg7
{[%clk 0:03:19]} 41. Ng3 {[%clk 0:00:38]} Qd4+ {[%clk 0:01:21]} 42. Qxd4+
{[%clk 0:01:04]} cxd4 {[%clk 0:01:43]} 43. gxf5 {[%clk 0:01:31]} exf5
{[%clk 0:01:46]} 44. Rhxf5 {[%clk 0:02:17]} Rxf5 {[%clk 0:02:26]} 45. Nxf5
{[%clk 0:02:40]} d3 {[%clk 0:01:25]} 46. Rc1 {[%clk 0:01:40]} Rb8
{[%clk 0:00:40]} 47. Ng3 {[%clk 0:00:46]} Nf4 {[%clk 0:00:46]} 48. Rd1
{[%clk 0:00:45]} Rg8 {[%clk 0:00:45]} 49. Kf2 {[%clk 0:00:44]} Nxh3+
{[%clk 0:00:57]} 50. Kg2 {[%clk 0:01:13]} Nf4+ {[%clk 0:01:05]} 51. Kf3
{[%clk 0:01:41]} Ng6 {[%clk 0:00:40]} 52. Ke4 {[%clk 0:01:47]} Ra8
{[%clk 0:00:42]} 53. Rd2 {[%clk 0:01:50]} Kg7 {[%clk 0:00:45]} 54. Kxd3
{[%clk 0:01:53]} Ra3+ {[%clk 0:01:07]} 55. Kc4 {[%clk 0:02:02]} Rxg3
{[%clk 0:01:14]} 56. Kxb4 {[%clk 0:02:30]} Ne5 {[%clk 0:00:50]} 57. a4
{[%clk 0:02:30]} h5 {[%clk 0:00:40]} 58. Kb5 {[%clk 0:02:05]} Rb3+
{[%clk 0:00:37]} 59. Kc5 {[%clk 0:01:51]} Ra3 {[%clk 0:00:54]} 60. Kb5
{[%clk 0:01:22]} h4 {[%clk 0:00:49]} 61. Rf2 {[%clk 0:01:00]} h3 {[%clk 0:00:58]}
62. a5 {[%clk 0:01:01]} Ng4 {[%clk 0:00:44]} 63. Rf1 {[%clk 0:01:24]} h2
{[%clk 0:00:37]} 64. Rh1 {[%clk 0:01:42]} Rh3 65. a6 {[%clk 0:01:46]} Nf2
{[%clk 0:00:48]} 66. a7 {[%clk 0:00:49]} 1/2-1/2

[Event "Mistrovstvi Cech 2019 - FIDE"]
[Site "?"]
[Date "2019.10.27"]
[Round "2.6"]
[White "Holasek, Pavel"]
[Black "Polansky, Adam Lubos"]
[Result "1-0"]
[BlackElo "2039"]
[WhiteElo "2120"]
[LiveChessVersion "1.4.8"]

1. Nf3 d5 2. g3 Nf6 3. Bg2 e6 4. O-O Be7 5. d3 O-O 6. Nbd2 b6 7. e4 c5 8. e5 Nfd7
9. Re1 Nc6 10. Nf1 Qc7 11. Qe2 Ba6 12. Bf4 Rac8 13. h4 Nd4 14. Nxd4 cxd4 15. Rac1
Nc5 16. Nh2 Na4 17. Qg4 Kh8 18. Nf3 Nxb2 19. h5 Bb4 20. Rf1 Na4 21. h6 g6 22. Bg5
Nc3 23. Nxd4 Qxe5 24. Nf3 Ne2+ 25. Kh2 Qd6 26. Bf6+ Kg8 27. Rb1 Bc3 28. d4 Rc4
29. Rfd1 Bc8 30. Qh4 Nxd4 31. Nxd4 e5 32. Be7 Qc7 33. Qf6 1-0

[Event "Mistrovstvi Cech 2019 - FIDE"]
[Site "?"]
[Date "2019.10.27"]
[Round "2.7"]
[White "Stanek, Ondrej"]
[Black "Holasek, Vojtech"]
[Result "1-0"]
[BlackElo "1905"]
[WhiteElo "2063"]
[LiveChessVersion "1.4.8"]

1. e4 {[%clk 1:30:50]} e5 {[%clk 1:30:59]} 2. Nf3 {[%clk 1:31:03]} Nc6
{[%clk 1:31:22]} 3. Bb5 {[%clk 1:30:24]} a6 {[%clk 1:31:51]} 4. Bxc6
{[%clk 1:30:07]} dxc6 {[%clk 1:32:19]} 5. O-O {[%clk 1:30:29]} Bd6
{[%clk 1:30:22]} 6. d4 {[%clk 1:30:11]} Bg4 {[%clk 1:30:04]} 7. dxe5
{[%clk 1:30:25]} Bxf3 {[%clk 1:30:18]} 8. Qxf3 {[%clk 1:30:47]} Bxe5
{[%clk 1:30:44]} 9. Qb3 {[%clk 1:30:59]} b6 {[%clk 1:27:24]} 10. Nd2
{[%clk 1:28:33]} Nf6 {[%clk 1:26:43]} 11. Nf3 {[%clk 1:28:41]} Qe7
{[%clk 1:26:39]} 12. Nxe5 {[%clk 1:02:41]} Qxe5 {[%clk 1:25:56]} 13. f3
{[%clk 1:02:12]} O-O {[%clk 1:25:36]} 14. Be3 {[%clk 0:58:32]} Rad8
{[%clk 1:25:03]} 15. Rad1 {[%clk 0:55:37]} Rd6 {[%clk 1:22:54]} 16. Rxd6
{[%clk 0:52:38]} Qxd6 {[%clk 1:23:22]} 17. Qc4 {[%clk 0:50:25]} a5
{[%clk 1:16:36]} 18. a4 {[%clk 0:41:46]} Rd8 {[%clk 1:16:28]} 19. g3
{[%clk 0:41:10]} Qe6 {[%clk 1:15:53]} 20. Qxe6 {[%clk 0:33:39]} fxe6
{[%clk 1:16:22]} 21. Kf2 {[%clk 0:33:17]} Kf7 {[%clk 1:16:15]} 22. Ke2
{[%clk 0:33:30]} e5 {[%clk 1:11:59]} 23. Rd1 {[%clk 0:33:07]} Rxd1
{[%clk 1:11:29]} 24. Kxd1 {[%clk 0:33:34]} Ne8 {[%clk 1:11:23]} 25. Kd2
{[%clk 0:33:39]} Ke6 {[%clk 1:10:15]} 26. Kd3 {[%clk 0:34:00]} Nd6
{[%clk 1:09:56]} 27. Bd2 {[%clk 0:32:05]} c5 {[%clk 1:06:51]} 28. f4
{[%clk 0:20:24]} exf4 {[%clk 1:03:55]} 29. gxf4 {[%clk 0:19:56]} g6
{[%clk 1:03:58]} 30. Bc3 {[%clk 0:19:54]} c6 {[%clk 1:02:53]} 31. Be5
{[%clk 0:19:25]} c4+ {[%clk 0:42:56]} 32. Kd4 {[%clk 0:18:10]} c5+
{[%clk 0:36:31]} 33. Ke3 {[%clk 0:15:38]} Nc8 {[%clk 0:34:43]} 34. Kd2
{[%clk 0:14:24]} g5 {[%clk 0:28:31]} 35. Kc3 {[%clk 0:11:23]} g4 {[%clk 0:24:51]}
36. Kxc4 {[%clk 0:10:09]} h5 {[%clk 0:24:51]} 37. Kd3 {[%clk 0:10:31]} c4+
{[%clk 0:21:38]} 38. Ke3 {[%clk 0:10:44]} h4 {[%clk 0:19:33]} 39. Bc7
{[%clk 0:07:52]} c3 {[%clk 0:14:13]} 40. b3 {[%clk 0:06:52]} 1-0

[Event "Mistrovstvi Cech 2019 - FIDE"]
[Site "?"]
[Date "2019.10.27"]
[Round "2.8"]
[White "Pise, Jiri"]
[Black "Mach, Petr"]
[Result "0-1"]
[BlackElo "2050"]
[WhiteElo "1775"]
[LiveChessVersion "1.4.8"]

1. e4 {[%clk 1:30:52]} d5 {[%clk 1:30:54]} 2. exd5 {[%clk 1:30:58]} Nf6
{[%clk 1:31:17]} 3. Nc3 {[%clk 1:29:30]} Nxd5 {[%clk 1:31:34]} 4. Nf3
{[%clk 1:27:35]} Nxc3 {[%clk 1:26:01]} 5. bxc3 {[%clk 1:27:44]} Bg4
{[%clk 1:26:20]} 6. d4 {[%clk 1:24:06]} e6 {[%clk 1:26:12]} 7. Be2
{[%clk 1:22:58]} c5 {[%clk 1:22:22]} 8. O-O {[%clk 1:20:26]} Nc6 {[%clk 1:20:44]}
9. Be3 {[%clk 1:18:14]} Qc7 {[%clk 1:17:05]} 10. Qd2 {[%clk 1:07:26]} Rd8
{[%clk 1:15:27]} 11. Rfd1 {[%clk 0:54:45]} Bd6 {[%clk 1:09:14]} 12. h3
{[%clk 0:50:15]} Bf5 {[%clk 1:09:31]} 13. Nh4 {[%clk 0:46:00]} Be4
{[%clk 1:08:20]} 14. Bf3 {[%clk 0:41:54]} Bxf3 {[%clk 1:08:03]} 15. Nxf3
{[%clk 0:41:56]} O-O {[%clk 1:08:21]} 16. Ng5 {[%clk 0:32:35]} Be5
{[%clk 0:52:49]} 17. Nf3 {[%clk 0:28:25]} Bf6 {[%clk 0:53:01]} 18. Bf4
{[%clk 0:18:41]} Qa5 {[%clk 0:53:22]} 19. Qe3 {[%clk 0:17:28]} cxd4
{[%clk 0:53:38]} 20. cxd4 {[%clk 0:17:39]} Qa4 {[%clk 0:53:56]} 21. c3
{[%clk 0:17:23]} Ne7 {[%clk 0:50:27]} 22. Be5 {[%clk 0:13:04]} Nd5
{[%clk 0:50:39]} 23. Qd3 {[%clk 0:12:52]} b5 {[%clk 0:48:48]} 24. Rdc1
{[%clk 0:09:11]} Rc8 {[%clk 0:44:44]} 25. Bxf6 {[%clk 0:05:38]} Nxf6
{[%clk 0:45:02]} 26. Ne5 {[%clk 0:05:40]} Rfd8 {[%clk 0:42:16]} 27. Qf3
{[%clk 0:05:14]} Rc7 {[%clk 0:36:06]} 28. Nd3 {[%clk 0:04:07]} Qa3
{[%clk 0:27:01]} 29. Nc5 {[%clk 0:03:14]} Nd7 {[%clk 0:21:31]} 30. Nxd7
{[%clk 0:03:19]} Rcxd7 {[%clk 0:16:03]} 31. Qc6 {[%clk 0:03:37]} a6
{[%clk 0:15:24]} 32. Rc2 {[%clk 0:02:52]} h6 {[%clk 0:15:17]} 33. Rac1
{[%clk 0:02:38]} Rd6 {[%clk 0:14:42]} 34. Qb7 {[%clk 0:02:01]} Qa4
{[%clk 0:13:56]} 35. Kh1 {[%clk 0:01:31]} Qc4 {[%clk 0:14:05]} 36. Kg1
{[%clk 0:01:38]} Qa4 {[%clk 0:12:07]} 37. Kh1 {[%clk 0:01:11]} e5
{[%clk 0:12:25]} 38. Qf3 {[%clk 0:01:00]} exd4 {[%clk 0:11:22]} 39. cxd4
{[%clk 0:01:06]} Qxd4 {[%clk 0:10:54]} 40. Rc8 {[%clk 0:01:09]} Rxc8
{[%clk 0:08:51]} 41. Rxc8+ {[%clk 0:01:30]} Rd8 {[%clk 0:09:16]} 42. Qa8
{[%clk 0:01:22]} Qd1+ {[%clk 0:09:41]} 43. Kh2 {[%clk 0:01:41]} Qd6+
{[%clk 0:10:07]} 44. g3 {[%clk 0:01:30]} Rxc8 {[%clk 0:09:51]} 45. Qxc8+
{[%clk 0:01:53]} Kh7 {[%clk 0:10:11]} 46. Qf5+ {[%clk 0:01:35]} Qg6
{[%clk 0:10:34]} 47. Qc8 {[%clk 0:01:49]} Qf6 {[%clk 0:09:59]} 48. Kg2
{[%clk 0:01:29]} g6 {[%clk 0:10:00]} 49. Qb7 {[%clk 0:01:14]} Kg7
{[%clk 0:10:22]} 50. Qc8 {[%clk 0:00:53]} Qe6 {[%clk 0:09:46]} 51. Qc3+
{[%clk 0:01:02]} Kh7 {[%clk 0:10:07]} 52. Qc2 {[%clk 0:01:22]} a5
{[%clk 0:10:05]} 53. Qd2 {[%clk 0:01:12]} a4 {[%clk 0:09:59]} 54. Qc2
{[%clk 0:01:06]} Qd5+ {[%clk 0:08:55]} 55. Kh2 {[%clk 0:01:13]} Qc4
{[%clk 0:09:20]} 56. Qd2 {[%clk 0:00:55]} b4 {[%clk 0:09:23]} 57. Qb2
{[%clk 0:00:47]} b3 {[%clk 0:09:31]} 58. axb3 {[%clk 0:00:40]} Qxb3
{[%clk 0:09:25]} 59. Qa1 {[%clk 0:00:44]} a3 {[%clk 0:09:47]} 60. Qc1
{[%clk 0:00:40]} Qb2 {[%clk 0:10:02]} 61. Qf4 {[%clk 0:00:38]} Kg7
{[%clk 0:09:08]} 0-1

[Event "Narodni Open 2019"]
[Site "?"]
[Date "2019.10.27"]
[Round "2.1"]
[White "Seiner, Frantisek"]
[Black "Kurek, Pavel"]
[Result "0-1"]
[WhiteElo "1490"]
[BlackElo "1789"]
[PlyCount "82"]
[SourceVersionDate "2019.10.27"]

1. e4 c5 2. Nf3 e6 3. b3 Nc6 4. Bb2 Nf6 5. Nc3 d5 6. exd5 Nxd5 7. Bc4 a6 8.
Nxd5 exd5 9. Qe2+ Be6 10. Bd3 b5 11. Bf5 Qe7 12. Bxe6 Qxe6 13. Qxe6+ fxe6 14.
Ng5 e5 15. Ne6 Kd7 16. Nxf8+ Rhxf8 17. Rf1 Kd6 18. O-O-O g5 19. d3 h5 20. Rde1
Rae8 21. Kb1 g4 22. Bc1 Rf5 23. c3 Ref8 24. Re2 h4 25. Bb2 a5 26. c4 bxc4 27.
dxc4 d4 28. a3 Ke6 29. Re4 Rf4 30. Rxf4 Rxf4 31. Kc2 e4 32. Bc1 Rf7 33. g3 hxg3
34. hxg3 Rf3 35. Bf4 e3 36. Kd3 Ne5+ 37. Bxe5 Kxe5 38. Ke2 Ke4 39. fxe3 Rxf1
40. Kxf1 dxe3 41. b4 axb4 0-1

[Event "Narodni Open 2019"]
[Site "?"]
[Date "2019.10.27"]
[Round "2.4"]
[White "Stepan, Vojtech"]
[Black "Tvaroh, Vitezslav"]
[Result "1/2-1/2"]
[WhiteElo "1680"]
[BlackElo "1420"]
[PlyCount "93"]
[SourceVersionDate "2019.10.27"]

1. e4 e6 2. d4 d5 3. exd5 exd5 4. Bd3 Nf6 5. Bf4 Bd6 6. Ne2 c6 7. O-O O-O 8.
Re1 Bg4 9. f3 Bh5 10. Qd2 Re8 11. Nbc3 Bxf4 12. Nxf4 Nbd7 13. Rxe8+ Qxe8 14.
Re1 Qd8 15. Re2 Qb6 16. Qe3 Bg6 17. Nxg6 hxg6 18. Nd1 Re8 19. Qf2 Rxe2 20. Bxe2
Qa5 21. a3 Qd2 22. c3 Nh5 23. g3 Nb6 24. Qe3 Qe1+ 25. Kg2 Nc4 26. Bxc4 Qxd1 27.
Qe2 Qxe2+ 28. Bxe2 Kf8 29. b3 Ke7 30. c4 dxc4 31. bxc4 Nf6 32. Kf2 Kd6 33. Ke3
c5 34. g4 cxd4+ 35. Kxd4 b6 36. Bd1 Nd7 37. f4 f6 38. Bc2 g5 39. fxg5 fxg5 40.
Ke4 Ke6 41. Kd4 Kd6 42. Bf5 Ne5 43. Bc8 g6 44. h3 Nf3+ 45. Kc3 a5 46. Bb7 Ng1
47. Be4 1/2-1/2

[Event "Narodni Open 2019"]
[Site "?"]
[Date "2019.10.27"]
[Round "2.5"]
[White "Kubicek, Daniel"]
[Black "Seterle, Matej"]
[Result "0-1"]
[WhiteElo "1441"]
[BlackElo "1674"]
[PlyCount "88"]
[SourceVersionDate "2019.10.27"]

1. e4 c5 2. d4 cxd4 3. c3 dxc3 4. Nxc3 Nc6 5. Nf3 e6 6. Bc4 Qc7 7. O-O Nf6 8.
Be3 Ng4 9. Bd4 a6 10. h3 Nge5 11. Nxe5 Nxe5 12. Bxe5 Qxe5 13. Qd3 b5 14. Bb3
Bb4 15. f4 Qc5+ 16. Kh1 Bxc3 17. bxc3 Bb7 18. f5 Qc6 19. Rae1 g6 20. Qd4 O-O-O
21. fxg6 fxg6 22. c4 b4 23. c5 a5 24. Qd6 Qxd6 25. cxd6 Rhf8 26. e5 Bc6 27. Kh2
Kb7 28. h4 Bb5 29. Rf3 Rxf3 30. gxf3 Rc8 31. Rb1 Rc3 32. Bd1 Bc6 33. Kg3 Bd5
34. Ra1 Kb6 35. Kg4 h6 36. f4 Be4 37. f5 Bxf5+ 38. Kf4 Kb5 39. Bf3 a4 40. Bd1
a3 41. Bb3 Bc2 42. Bxc2 Rxc2 43. Kg4 Kc4 44. Kf4 b3 0-1

[Event "Narodni Open 2019"]
[Site "?"]
[Date "2019.10.27"]
[Round "2.3"]
[White "Kleker, Jiri"]
[Black "Jodas, Daniel"]
[Result "0-1"]
[WhiteElo "1486"]
[BlackElo "1716"]
[PlyCount "116"]
[SourceVersionDate "2019.10.27"]

1. e4 d5 2. exd5 Qxd5 3. Nc3 Qa5 4. d4 Nf6 5. Bc4 Bf5 6. Nf3 e6 7. O-O Be7 8.
Re1 c6 9. Bd2 Qc7 10. Ne2 O-O 11. Bf4 Bd6 12. Bxd6 Qxd6 13. Ng3 Bg4 14. c3 Nh5
15. Ne4 Qf4 16. Ned2 Nd7 17. h3 Bxf3 18. Nxf3 Rfd8 19. Bb3 Nhf6 20. Qe2 c5 21.
Rad1 Rac8 22. Rd2 Nb6 23. Ne5 cxd4 24. Nxf7 Kxf7 25. Qxe6+ Kg6 26. Qf7+ Kh6 27.
Re7 Qg5 28. Bc2 Rf8 29. h4 Qg4 30. Qe6 Qxe6 31. Rxe6 dxc3 32. bxc3 Rxc3 33. g4
g5 34. hxg5+ Kxg5 35. Re5+ Kh4 36. g5 Ng4 37. Re4 Rc4 38. Rxc4 Nxc4 39. Rd4
Nce5 40. Bd1 Kxg5 41. Bxg4 Nxg4 42. Rd7 Rxf2 43. Rxb7 Rxa2 44. Rxh7 a5 45. Kf1
a4 46. Ke1 Nf2 47. Ra7 Kf4 48. Rf7+ Ke3 49. Re7+ Ne4 50. Kd1 a3 51. Kc1 Kd3 52.
Rd7+ Kc4 53. Rc7+ Kd5 54. Kb1 Rb2+ 55. Kc1 Nd2 56. Rd7+ Ke6 57. Ra7 Nb3+ 58.
Kd1 a2 0-1

[Event "Narodni Open 2019"]
[Site "?"]
[Date "2019.10.27"]
[Round "2.2"]
[White "Holasek, Vit"]
[Black "Jelinek, Oliver"]
[Result "1-0"]
[WhiteElo "1779"]
[BlackElo "1466"]
[PlyCount "133"]
[SourceVersionDate "2019.10.27"]

1. e4 e5 2. Nf3 Nf6 3. Nc3 Nc6 4. d4 exd4 5. Nxd4 Bc5 6. Be3 Bxd4 7. Bxd4 d6 8.
Bb5 Bd7 9. O-O Nxd4 10. Bxd7+ Qxd7 11. Qxd4 O-O 12. Rad1 Rfe8 13. Rfe1 Qc6 14.
Rd3 Qb6 15. Qxb6 axb6 16. f4 Re7 17. Kf2 Rae8 18. Kf3 g6 19. g4 Kg7 20. b4 h6
21. h4 g5 22. fxg5 hxg5 23. h5 Nd7 24. Kg3 Ne5 25. Rd2 f6 26. Nd5 Rf7 27. Rf2
Ra8 28. Re3 Rxa2 29. Rc3 c6 30. Nxb6 Rf8 31. Rd2 Rd8 32. Nc4 Nxc4 33. Rxc4 Rb2
34. Rcd4 d5 35. Kf2 Kf7 36. Ke3 Re8 37. c3 Rb1 38. Kd3 dxe4+ 39. Rxe4 Rd8+ 40.
Kc2 Rxd2+ 41. Kxd2 Rh1 42. Kd3 f5 43. Re5 fxg4 44. Rxg5 g3 45. Rxg3 Rxh5 46.
Re3 Rh6 47. Kd4 Re6 48. Rh3 Ke8 49. Kc5 Re7 50. Kb6 Kd7 51. Kxb7 Kd6+ 52. Kb6
Kd5 53. Rh4 Re6 54. c4+ Ke5 55. Kc5 Rg6 56. Rh1 Ke4 57. Rd1 Ke5 58. Re1+ Kf5
59. b5 cxb5 60. cxb5 Rg2 61. b6 Rb2 62. Kc6 Rc2+ 63. Kb7 Rb2 64. Kc7 Rc2+ 65.
Kb8 Rb2 66. b7 Kf6 67. Rc1 1-0

[Event "Mistrovstvi Cech 2019 - U12"]
[Site "?"]
[Date "2019.10.27"]
[Round "2.1"]
[White "Pech, Michal"]
[Black "Day, Tobias"]
[Result "0-1"]
[BlackElo "1807"]
[WhiteElo "1266"]
[LiveChessVersion "1.4.8"]

1. e4 c5 2. Nf3 d6 3. d4 cxd4 4. Nxd4 Nf6 5. Nc3 g6 6. Be3 Bg7 7. Be2 O-O 8. Qd2
Nc6 9. O-O-O Ng4 10. Bxg4 Bxg4 11. f3 Be6 12. Rdg1 Rc8 13. h4 Qa5 14. Kb1 Nxd4
15. Bxd4 Bxa2+ 16. Kc1 Bc4 17. Bxg7 Qa1+ 18. Nb1 Kxg7 19. Qc3+ f6 20. Kd2 Bf1 21.
Qb3 Qa5+ 22. c3 Bc4 23. Qxb7 Qc5 24. Qxe7+ Rf7 0-1